1522 1515 1502 1542 1516 1388 1466 1766 1660 1097 1520 1778 1166 1851 1672 1383 1908 1243 1297 1049 1157 1098 1033 1774 1713 1497 1472 1656 1937 1420 1286 1804 1703 1603 1831 1814 1091 1611 1777 1818 1255 1722 1591 1365 1884 1136 1590 1363 1987 1293 1620 1806 1019 1836 1800 1285 1970 1783 1385 1088 1935 1438 1164 1817 1769 1969 1216 1099 1189 1032 1589 1045 1326 1119 1978 1980 1432 1435 1219 1748 1361 1375 1490 1814 1410 1670 1164 1559 1544 1201 1886 1432 1597 1915 1118 1804 1379 1057 1654 BCNSPRNW ULIB Ver.6.0+V

เปลี่ยนเป็นภาษาไทย

Change to English
 แสดงรายละเอียดบรรณานุกรม
  กลับหน้าหลัก

Brief Record : Get Marc (ISO 2709) : E-mail record : QR code < ปิดหน้าต่าง
LEADER : 00000nam 2200000uu 4500
001    13399123937
003     ULIB
008    020711s2555 th a 000 0 tha d
020    9786167650517
090    นว.^bท364ฟ
100    กัณฑ์กนิษฐ์
245    เมียนางยั่ว/^cกัณฑ์กนิษฐ์
250    พิมพ์ครั้งที่ 1
260    กรุงเทพฯ :^bกัณฑ์กนิษฐ์,^c2558
300    366 หน้า;^b21 ซม.
710    กัณฑ์กนิษฐ์
945    ^p99^l0^i22723
999    ^aกัณชพร จุลอักษร
รายการนี้ยังไม่มีแท็ก
คุณยังไม่ได้ล็อกอิน คุณสามารถมีกิจกรรมร่วมกับเว็บไซต์ได้ แต่ต้องล็อกอินก่อน ::
  ล็อกอิน

รายการสื่อสารสนเทศ

ลำดับที่ ประเภท เลขเรียก/บาร์โค้ด สถานที่ สถานะ
1. นวนิยาย
นวนิยาย
นว. ท364ฟ ฉ.1 
  Barcode: 22723
ห้องสมุดวิทยาเขตนครสวรรค์
►นวนิยาย:l:Fiction
บนชั้น

รายการใกล้เคียง
    ผู้แต่ง [กัณฑ์กนิษฐ์]

BibComment


ยังไม่เคยถูกคอมเมนท์

คอมเมนท์ทรัพยากรรายการนี้
  คอมเมนท์: เมียนางยั่ว กัณฑ์..


 Copyright 2026. Bcnsprnw @Library